Statistics for Bruce Springsteen Lyrics Quiz

Click here to take the quiz!

General Stats

  • This quiz has been taken 86 times
  • The average score is 6 of 15

Answer Stats

LyricSong% Correct
Teardrops on the city, Bad scooter searching for his grooveTenth Avenue Freeze Out
73%
Crazy Janey and her mission man were back in the alley trading handsSpirit in the Night
67%
I've been working real hard, trying to get my hands clean,Prove It all Night
58%
In the summer that I was baptized, My father held me to his sideAdam Raised a Cain
55%
Fat man sitting on a little stoolTunnel of Love
55%
The times are tough now, just getting tougherCover Me
44%
Hey bus driver, keep the changeDoes this bus stop at 82nd Street?
42%
I had a job, I had a girlDownbound Train
42%
Well my soul checked out missing as I sat listeningBetter Days
25%
You get up every morning at the sound of the bellNight
23%
New Jersey turnpike, ridin' on a wet nightState Trooper
23%
You make up your mind, you choose the chance you takeThe Price you Pay
17%
Last night I stood at your doorstepLong Walk Home
11%
Down at the court house they're ringing the flag downThe Fuse
9%
There's place out on the edge of town sirNebraska
6%

Score Distribution

Percentile by Number Answered

Percent of People with Each Score

Your Score History

You have not taken this quiz